000 00827nam a2200229Ia 4500
999 _c34494
_d34494
003 GCL
005 20240530102750.0
008 140319s9999 ua 000 0 ara d
040 _aGCL /
_cGCL
082 0 4 _a210/
_bم إ
100 0 _aمحمود بن شريف
245 1 0 _aمن معين القران صور واقعية وقيم ومفاهيم /
_cمحمود بن شريف
260 _aالقاهرة :
_bالمؤسسة العربية الحديثة ،
_c1988
300 _a2 جزء ؛
_c19 سم.
490 0 _aاسلاميات. مكتبة المسلم العصرية ؛
_v73،80.
650 0 7 _aالاسلام
_2qrmak
650 0 7 _aالمباحث العامة
_2qrmak
650 0 7 _aالعلوم
_2qrmak
650 0 7 _aالاعجاز العلمى للقران
_2qrmak
650 0 7 _aالقران
_2qrmak
942 _2ddc
_cBK